1111 1464 1539 1269 1808 1384 1757 1854 1338 1591 1648 1605 1315 1250 1840 1996 1453 1355 1953 1075 1782 1774 1600 1270 1472 1999 1225 1667 1994 1933 1737 1786 1388 1182 1765 1101 1716 1084 1503 1254 1215 1094 1858 1982 1679 1685 1843 1605 1611 1572 1044 1922 1549 1077 1360 1025 1584 1016 1882 1292 1913 1976 1448 1987 1368 1434 1232 1174 1361 1832 1583 1296 1978 1608 1311 1419 1879 1981 1976 1385 1526 1756 1175 1538 1181 1257 1227 1931 1866 1065 1439 1402 1880 1645 1349 1197 1850 1633 1883 BCNSPRNW ULIB Ver.6.0+V

เปลี่ยนเป็นภาษาไทย

Change to English
 แสดงรายละเอียดบรรณานุกรม
  กลับหน้าหลัก

Brief Record : Get Marc (ISO 2709) : E-mail record : QR code < ปิดหน้าต่าง
LEADER : 00000nam 2200000uu 4500
001    13399123154
003     ULIB
008    140410s2553||||th 000 0 tha d
020    ^a9789742257958
050    ^aBF637^bศ481ข
100    ^aฐิตินาถ ณ พัทลุง
245    ^aเข็มทิศหัวใจ 2 ตอน เสียงแห่งความสุข/^cฐิตินาถ ณ พัทลุง
260    ^aกรุงเทพฯ :^bไทยยูเนี่ยนกราฟิกส์,^c2553
300    ^a159 หน้า :^bภาพประกอบ หน้า
650    ^aความสำเร็จแง่จิตวิทยา
650    ^aจิตวิทยาพัฒนาตนเอง
945    ^p190^l0^i20312
999    ^aทศพร เกษรทอง
รายการนี้ยังไม่มีแท็ก
คุณยังไม่ได้ล็อกอิน คุณสามารถมีกิจกรรมร่วมกับเว็บไซต์ได้ แต่ต้องล็อกอินก่อน ::
  ล็อกอิน

รายการสื่อสารสนเทศ

ลำดับที่ ประเภท เลขเรียก/บาร์โค้ด สถานที่ สถานะ
1. การศึกษาทั่วไป
การศึกษาทั่วไป
BF637 ศ481ข ฉ.1 
  Barcode: 20312
ห้องสมุดวิทยาเขตนครสวรรค์
►หนังสือทั่วไป:l:General Books
บนชั้น

รายการใกล้เคียง
    ผู้แต่ง [ฐิตินาถ ณ พัทลุง]

    หัวเรื่อง [ความสำเร็จแง่จิตวิทยา]
    หัวเรื่อง [จิตวิทยาพัฒนาตนเอง]

BibComment


ยังไม่เคยถูกคอมเมนท์

คอมเมนท์ทรัพยากรรายการนี้
  คอมเมนท์: เข็มทิศหัวใจ 2 ต..


 Copyright 2026. Bcnsprnw @Library